000 00555nam a22001817a 4500
999 _c13890
_d13890
003 AR-CdUCM
008 190416b ||||| |||| 00| 0 spa d
040 _aMUNICIPALIDAD PROVINCIAL DEL CUSCO
_cBIBLIOTECA MUNICIPAL DEL CUSCO
082 _a869.56 /
_bB37 / 1961
100 _aBejarano, Carmen Luz
_911055
245 _aGiramor /
260 _aLima :
_bUniversidad Nacional Mayor de San Marcos,
_c1961.
300 _a22 hojas ;
_c17 cm.
505 _aContenido: Giramor.
650 _aPoesías
_92272
942 _2ddc
_cLIBROS
945 _acmm
_d2019-04-16